Komparácia metód identifikácie determinantov životnej úrovne

Indexy používanie na meranie životnej úrovne. Výsledky dotaznikového prieskumu z roku 2013, ktorým sa zisťovali subjektívne názory respondentov z vybraných piatich krajín EÚ (Česká republika, Fínsko, Francúzsko, Španielsko a Veľká Británia) na dôležitosť určených faktorov pre ich spokojnosť so život...

Descripción completa

Guardado en:
Detalles Bibliográficos
Autor principal: Birčiaková, Naďa
Otros Autores: Stávková, Jana, Trenz, Oldřich
Formato: Capítulo de libro
Lenguaje:eslovaco
Materias:
Etiquetas: Agregar Etiqueta
Sin Etiquetas, Sea el primero en etiquetar este registro!

MARC

LEADER 00000naa a2200000 4500
001 0223799
005 20221019173439.1
041 0 |a slo 
044 |a SK 
245 1 0 |a Komparácia metód identifikácie determinantov životnej úrovne  |c Naďa Birčiaková, Jana Stávková, Oldřich Trenz 
520 |a Indexy používanie na meranie životnej úrovne. Výsledky dotaznikového prieskumu z roku 2013, ktorým sa zisťovali subjektívne názory respondentov z vybraných piatich krajín EÚ (Česká republika, Fínsko, Francúzsko, Španielsko a Veľká Británia) na dôležitosť určených faktorov pre ich spokojnosť so životom. 
610 2 0 |a analýza komparatívna 
610 2 0 |a Česko 
610 2 0 |a Fínsko 
610 2 0 |a Veľká Británia 
610 2 0 |a Francúzsko 
610 2 0 |a Španielsko 
610 2 0 |a kvalita života 
610 2 0 |a úroveň životná 
100 1 |a Birčiaková, Naďa 
700 1 |a Stávková, Jana 
700 1 |a Trenz, Oldřich